| 000 | 01287nam a2200253Ia 4500 | ||
|---|---|---|---|
| 999 |
_c52668 _d52668 |
||
| 001 | 19692 | ||
| 003 | GE_BSU | ||
| 005 | 20200326221844.0 | ||
| 008 | 181216s1979||||ge |||||||||||||| ||geo|| | ||
| 040 | _cGE_BSU | ||
| 041 | _ageo | ||
| 080 | _a091(479.22) ქ-27 | ||
| 245 |
_aქართულ ხელნაწერთა აღწერილობა : _bსინური კოლექცია ნაკვ. 2 / _cშეადგინეს და დასაბეჭდად მოამზადეს ც. ჭანკიევმა, ლ. ჯღამაიამ ; რედ. ე. მეტრეველი. |
||
| 264 |
_aთბილისი : _bმეცნიერება, _c1979. |
||
| 300 |
_a332 გვ. ; _e27 სმ. |
||
| 500 | _aპირთა საძიებელი : გვ. 306-332 | ||
| 541 | _h5ლ.60თ. | ||
| 653 | _aქართული ხელნაწერები | ||
| 653 | _aხელნაწერები | ||
| 700 |
_aმეტრეველი, ე. _eრედაქტორი _91788 |
||
| 710 |
_aსაქ. სსრ მეცნ. აკადემია _97804 |
||
| 710 |
_aკ. კეკელიძის სახ. ხელნაწერთა ინსტიტუტი _97800 |
||
| 942 |
_cBK _2udc |
||